| 000 | 00452nam a2200205Ia 4500 | ||
|---|---|---|---|
| 008 | 210210b2015 xxu||||| |||| 00| 0 eng d | ||
| 020 | _a9780356500157 | ||
| 041 | _aeng | ||
| 082 | _a823.92 CARG | ||
| 100 | _aCAREY (M R) | ||
| 245 | _aGirl with all the gifts | ||
| 260 |
_aUK _bOrbit _c2015 |
||
| 300 | _aviiii,502 | ||
| 650 | _awith | ||
| 650 | _aGirl | ||
| 650 | _agifts | ||
| 650 | _aall | ||
| 690 | _aEnglish Fiction | ||
| 906 | _a074064 | ||
| 999 |
_c123853 _d123853 |
||